000 00286nam a22001337a 4500
008 190205b xxu||||| |||| 00| 0 eng d
020 _a9780030558771
041 _aeng
080 _22nd
_a371
100 _a25
101 _aEDU
245 _aEncounters
_cSpinelli, E
942 _2udc
_cBK
999 _c54081
_d54081